<?xml version="1.0" encoding="UTF-8"?>
<collection xmlns="http://www.loc.gov/MARC21/slim">
 <record>
  <leader>01248nam a2200337 i 4500</leader>
  <controlfield tag="001">35690</controlfield>
  <controlfield tag="003">BD-DhAAL</controlfield>
  <controlfield tag="005">20211129154016.0</controlfield>
  <controlfield tag="008">190922r20081986enka     b    001 0 eng d</controlfield>
  <datafield tag="999" ind1=" " ind2=" ">
   <subfield code="c">41337</subfield>
   <subfield code="d">41337</subfield>
  </datafield>
  <datafield tag="010" ind1=" " ind2=" ">
   <subfield code="a">   80503143 </subfield>
  </datafield>
  <datafield tag="015" ind1=" " ind2=" ">
   <subfield code="a">GB***</subfield>
  </datafield>
  <datafield tag="020" ind1=" " ind2=" ">
   <subfield code="a">9780194327169</subfield>
  </datafield>
  <datafield tag="020" ind1=" " ind2=" ">
   <subfield code="a">0194327167 :</subfield>
   <subfield code="c">$5.50</subfield>
  </datafield>
  <datafield tag="040" ind1=" " ind2=" ">
   <subfield code="a">DLC</subfield>
   <subfield code="c">DLC</subfield>
   <subfield code="d">DLC</subfield>
   <subfield code="d">BD-DhAAL</subfield>
  </datafield>
  <datafield tag="050" ind1="0" ind2="0">
   <subfield code="a">PB36</subfield>
   <subfield code="b">.L37 1979</subfield>
  </datafield>
  <datafield tag="082" ind1="0" ind2="0">
   <subfield code="a">418.007</subfield>
   <subfield code="2">19</subfield>
  </datafield>
  <datafield tag="100" ind1="1" ind2=" ">
   <subfield code="a">Lee, William Rowland.</subfield>
   <subfield code="9">34994</subfield>
  </datafield>
  <datafield tag="245" ind1="1" ind2="0">
   <subfield code="a">Language teaching games and contests /</subfield>
   <subfield code="c">W. R. Lee.</subfield>
  </datafield>
  <datafield tag="250" ind1=" " ind2=" ">
   <subfield code="a">Second revised edition</subfield>
  </datafield>
  <datafield tag="260" ind1=" " ind2=" ">
   <subfield code="a">Oxford ;</subfield>
   <subfield code="a">New York :</subfield>
   <subfield code="b">Oxford University Press,</subfield>
   <subfield code="c">2008</subfield>
  </datafield>
  <datafield tag="300" ind1=" " ind2=" ">
   <subfield code="a">208 pages :</subfield>
   <subfield code="b">illustrations ;</subfield>
   <subfield code="c">22 cm.</subfield>
  </datafield>
  <datafield tag="500" ind1=" " ind2=" ">
   <subfield code="a">Includes index.</subfield>
  </datafield>
  <datafield tag="504" ind1=" " ind2=" ">
   <subfield code="a">Includes bibliographical references (pages 194-196).</subfield>
  </datafield>
  <datafield tag="526" ind1=" " ind2=" ">
   <subfield code="a">BIED</subfield>
  </datafield>
  <datafield tag="541" ind1=" " ind2=" ">
   <subfield code="a">Complimentary copy from BIED</subfield>
   <subfield code="e">35690</subfield>
  </datafield>
  <datafield tag="650" ind1=" " ind2="0">
   <subfield code="a">Languages, Modern</subfield>
   <subfield code="x">Study and teaching.</subfield>
   <subfield code="9">34995</subfield>
  </datafield>
  <datafield tag="650" ind1=" " ind2="0">
   <subfield code="a">Educational games.</subfield>
   <subfield code="9">34996</subfield>
  </datafield>
  <datafield tag="852" ind1=" " ind2=" ">
   <subfield code="a">Ayesha Abed Library</subfield>
   <subfield code="c">BIED Collection</subfield>
  </datafield>
  <datafield tag="942" ind1=" " ind2=" ">
   <subfield code="2">ddc</subfield>
   <subfield code="c">BK</subfield>
  </datafield>
  <datafield tag="952" ind1=" " ind2=" ">
   <subfield code="0">0</subfield>
   <subfield code="1">0</subfield>
   <subfield code="2">ddc</subfield>
   <subfield code="4">0</subfield>
   <subfield code="6">418_007000000000000_LEE</subfield>
   <subfield code="7">0</subfield>
   <subfield code="9">66441</subfield>
   <subfield code="a">BRACUL</subfield>
   <subfield code="b">BRACUL</subfield>
   <subfield code="c">GEN</subfield>
   <subfield code="d">2019-09-22</subfield>
   <subfield code="e">Complimentary copy from BIED</subfield>
   <subfield code="l">0</subfield>
   <subfield code="o">418.007 LEE</subfield>
   <subfield code="p">3010035690</subfield>
   <subfield code="r">2019-09-22</subfield>
   <subfield code="t">1</subfield>
   <subfield code="w">2019-09-22</subfield>
   <subfield code="y">BK</subfield>
   <subfield code="x">Transferred from BIED to General Stacks</subfield>
  </datafield>
 </record>
</collection>
